| 000 | 00754cam a2200229 a 4500 | ||
|---|---|---|---|
| 001 | 2561617 | ||
| 005 | 20180814052518.0 | ||
| 008 | 950731s1996 maua b 001 0 eng | ||
| 010 | _a 95036691 | ||
| 020 | _a0262210134 (hc : alk. paper) | ||
| 040 |
_aDLC _cDLC _dDLC |
||
| 041 | _aeng | ||
| 080 | _a152.14 | ||
| 082 | 0 | 0 |
_a152.14 _220 |
| 100 | 1 | _a55 | |
| 101 | _aSTA | ||
| 245 | 1 | 0 |
_aHigh-level vision : _cShimon Ullman. |
| 504 | _aIncludes bibliographical references (p. [383]-406) and index. | ||
| 906 |
_a7 _bcbc _corignew _d1 _eocip _f19 _gy-gencatlg |
||
| 942 |
_2ddc _cBK |
||
| 999 |
_c47107 _d47107 |
||